000 00531nam a2200145Ia 4500
008 140724s9999 xx 000 0 und d
050 _aLB 1576
_b.L864 2014
100 _aLopez, Czavrene.
245 _aWildlife Palawan :
_ban online magazine and guidebook website design and layout for Katala Foundation Incorporated /
_cCzavrene Lopez.
260 _aLas PiƱas, Philippines :
_bSouthville International School and Colleges,
_cc2014.
300 _a103 p. :
_bcol. Ill. ;
_c28 cm.
521 _aMA
942 _cTH
999 _c229351
_d229351